Quizzes
Events
Quiz Creation
Community
Videos
Private Events
Remove Ads
Sign In
Join for FREE
Feedback
Dark Mode
Quiz Categories
Sports
Geography
Music
Movies
Television
Just For Fun
Miscellaneous
History
Literature
Language
Science
Gaming
Entertainment
Religion
Holiday
For Kids
Quiz Lab
Recent
Popular Today
Quiz Kudos Today
Editor Picks
Curator Picks
Quizzes by...
Day
Popularity
Type
Ratings
Length
Year
Community
Subscriptions
Recent Discussions
Orange Saloon
Badges
Playlists
Quests
Create
Leaderboards
Showdown
Live 5
Trivia Bingo
Activity
Puzzle Library
Sporcle Events
Private Events
Virtual Trivia
Globe League
Become a Host
Pub Owners
SporcleCon
Opinionation
Our Games
Videos
Blog
Mobile Apps
Partnerships
Remove Ads and Go Orange
Feedback
Sports
Athletes
MLB
NBA
NHL
NFL
Soccer
Sports Teams
WWE
NCAA
Football
Premier League
Basketball
Baseball
Hockey
Golf
Tennis
Cricket
Rugby
Auto Racing
Olympics
World Cup
Sports
Athletes
MLB
NBA
NHL
NFL
Soccer
Sports Teams
WWE
NCAA
Football
Premier League
Basketball
Baseball
Hockey
Golf
Tennis
Cricket
Rugby
Auto Racing
Olympics
World Cup
Random Quiz
Search Sporcle
×
Quiz Lab
Quiz Lab
Sports
Division
Type in answers that appear in a list
Type in answers that appear in a list
Classic
Best Score? Go Orange.
1.HNL goalscorers Stats
Can you name the top Croatian first division (1. HNL) goalscorers (A-Z) (since independence from Yugoslavia)??
By
wormtongue
7m
28 Questions
275 Plays
275 Plays
275 Plays
Comments
Comments
Give Quiz Kudos
Give Quiz Kudos
-
- Ratings
hide this ad
Replay
Link that replays current quiz
Next Quiz
Link to next quiz in quiz playlist
You Got
0%
They Got
Avg Score
26%
Avg Friend Score
Upgrade to see
Score Distribution
Jump to the score distribution portion of the page
Score
0/28
Timer
07:00
0
Plays Today
Slovo
Igrač
% Correct
C
Igor Cvitanović
83.2%
V
Davor Vugrinec
81.8%
M
Miljenko Mumlek
56.6%
O
Ivica Olić
47.8%
B
Boško Balaban
44.9%
P
Joško Popović
41.6%
E
Tomislav Erceg
41.2%
Đ
Radomir Đalović
33.6%
D
Marijo Dodik
29.2%
Z
Zoran Zekić
27.7%
K
Veldin Karić
27%
S
Ahmad Sharbini
26.6%
J
Renato Jurčec
21.2%
L
Kruno Lovrek
21.2%
Slovo
Igrač
% Correct
�
Robert �pehar
20.4%
I
Senijad Ibričić
19.3%
H
Admir Hasančić
15.7%
N
Enes Novinić
14.6%
Ć
Vedran Ćorluka
14.2%
A
Željko Adžić
13.9%
T
Almir Turković
13.5%
F
Antonio Franja
9.1%
R
Dean Računica
8%
DŽ
Davor Dželalija
6.2%
Č
Igor Čalo
4.4%
Ž
Željko Župetić
3.6%
G
Mirza Golubica
2.9%
U
Ognjen Ugrčić
1.5%
Quiz Playlist
Details
Report
Send in Message
Add To Playlist
Classic:
Type in answers that appear in a list
Last Updated: Feb 16, 2017
Quiz Scoreboard
CHALLENGE
Sign Up to Join the Scoreboard
Show All
Scores
Hide
Comments
May contain spoilers
Recently Published
Movies - When Are They Set?
by FPL_Elf
Movies
5m
Popular People in 1961
by mucciniale
History
6m
1-10 Letter E Words III
by El_Dandy
Language
2m
More to Explore
Quiz From the Vault
Featured Blog Post
Where Did the Easter Bunny Come From?
hide this ad
You Might Also Like...
Tags
A-Z
Croatian
Division
Goal Scorers
independence
Yugoslavia
Today's Top Quizzes in Sports
Browse Sports
hide this ad
Today's Top Quizzes in Division
Browse Division
Top Contributed Quizzes in Sports
1
Les meilleurs buteurs des matchs entre le PSG et l’OM
2
Les entraîneurs de l'OM et du PSG au 21e siècle
3
FIFA Club World Cup Champions
4
2022 World Cup Stars
5
Name the Premier League winners with different clubs
6
La finale Lions - Afrique du Sud 2021
7
Criteria MLB: Left Handed Sluggers
8
Players with Multiple 50 Home Run Seasons
9
MLB Players with Two .350 Batting Average Seasons
10
MLB Hall of Famer by Rings
Explore More
Trending Topics
Kpop
Disney
Anime
Crossword
Harry Potter
Marvel
NBA
Song
The Office
WWE
Country
Puzzle
Pokémon
Soccer
NFL
hide this ad
More By:
wormtongue
Quiz
Plays
Rating
Category
Featured
Created
1.HNL goalscorers
275
Sports
Apr 20, 2010
Go to Creator's Profile
Score Distribution
Quiz Creator Spotlight
wormtongue
Follow
Send a Message
Quizzes Created
-
Created Quiz Play Count
-
More By This Creator
Popular Quizzes Today
1
Find the US States - No Outlines Minefield
2
Find the Countries of Europe - No Outlines Minefield
3
The Countries of the World
4
Popular People in 1961
5
1-10 Letter E Words III
6
US States
7
Find the US States
8
One Thing in Common: World Cities II
More Sports Quizzes
N-F-L T-E-A-M
Quiz Lab
Trending Quizzes
Risky Map Clicking: Least Populous States A-Z
1-10 Letter F Words
1-10 Letter G Words
One Thing in Common: United Kingdom
Risky Map Clicking: Next State Alphabetically
Recently Updated
Leaping Animals
pecheneg
Reality TV Shows (A-Z)
bhenderson79
Rickey Henderson's Hall of Fame Teammates
pecheneg
Champions League XIs: Arsenal
pecheneg
Quick Pick: Celebrities in WWE's Hall of Fame
aduchscher
A-Z Keypad Blitz II
pecheneg
Multiple Oscar Actors
pecheneg
Mystery Phrase Blitz: Oscar 'Best Actors'
pecheneg
F. Scott Fitzgerald Novels
LTH
Pick 3 Villains
ddd62291
Trending Topics
NBA
Kpop
Marvel
Harry Potter
Crossword
Anime
Disney
NFL
Country
WWE
Puzzle
The Office
Pokémon
Soccer
Song
Your Account Isn't Verified!
In order to create a playlist on Sporcle, you need to verify the email address you used during registration. Go to your
Sporcle Settings
to finish the process.
Report this User
Report this user for behavior that violates our
Community Guidelines
.
Details:
Send Report
Go to the Sporcle.com Mobile Site →
Comments